000
00324 a2200157 4500
001
184438
020
_a
84-294-3480-1
040
_c
Magnum
100
_a
SurĂs, J
240
1
0
_a
El hombre del bar
_l
por
245
1
0
_a
El hombre del bar
300
_a
52
362
0
_a
1997
697
_a
LITERATURA ESPANHOLA
942
_c
BK
999
_c
184438
_d
184438